Statistics for Thanksgiving Word Scramble

Click here to take the quiz!

General Stats

  • This quiz has been taken 881 times
    (863 since last reset)
  • The average score is 8 of 15

Answer Stats

HintAnswer% Correct
UktyreTurkey
98%
Pmkppun iePumpkin Pie
97%
AhmHam
93%
Mdhsae PstsaooeMashed Potatoes
83%
Eswet OtpaotseSweet Potatoes
83%
Bssurles RuosptsBrussels Sprouts
70%
OoflltbaFootball
56%
YflamiFamily
49%
FftsgnuiStuffing
42%
HrustydaThursday
38%
QosuantSquanto
28%
YuoltpmhPlymouth
26%
FowlyrameMayflower
25%
BmrevoneNovember
20%
SomatesSamoset
4%

Score Distribution

Percentile by Number Answered

Percent of People with Each Score

Your Score History

You have not taken this quiz since the last reset